Leipziger Fußballvereine - Statistiken

Allgemein
  • Dieses Quiz wurde 164 mal gespielt
  • Das Durchschnittsergebnis liegt bei 20 aus 82
Antwortstatistiken
Antwort % Korrekt
1. FC Lok Leipzig
95%
BSG Chemie Leipzig
89%
RB Leipzig
89%
Roter Stern Leipzig '99
52%
SG Olympia 1896 Leipzig
43%
VfK Blau-Weiß Leipzig 1892
43%
SG MoGoNo Leipzig
41%
SV Schleußig 1990
41%
SV West 03 Leipzig
41%
SG Rotation Leipzig 1950
40%
SV Lok Engelsdorf
39%
SSV Stötteritz
38%
SV Lindenau 1848
37%
AC Taucha 1990
36%
SG Taucha 99
36%
SV Einheit Leipzig Ost
36%
SV Leipzig Ost 1858
36%
TuS Leutzsch 1990
36%
SG Lausen
33%
SV Leipzig Thekla
33%
SV Liebertwolkwitz
32%
SV Lipsia 93 Leipzig-Eutritzsch
32%
TSV 1893 Leipzig-Wahren
32%
SV Tapfer 06 Leipzig
31%
FC Eintracht Holzhausen 93
30%
Kickers 94 Markkleeberg
30%
SG LVB
30%
TSV 1886 Markkleeberg
30%
SC Eintracht Schkeuditz
29%
SV Grün-Weiß Miltitz
29%
Leipziger SC 1901
28%
Leipziger SV Südwest
28%
SV Eintracht Wiederitzsch
28%
SV Mölkau 04
27%
SSV Markranstädt
26%
LFV Sachsen Leipzig
25%
KSC 1864 Leipzig
24%
SV Leipzig Nordwest
24%
TSV Böhlitz-Ehrenberg
24%
BSV Schönau 1983
23%
SV Fortuna Leipzig 02
23%
TSV Einheit Lindenthal
23%
Turbine Leipzig
23%
FC International Leipzig
22%
SV Panitzsch-Borsdorf 1920
22%
FSV Großpösna 1990
21%
SpVgg Leipzig 1899
21%
SV Althen 90
20%
VfB Zwenkau 02
20%
SG Leipzig-Bienitz
19%
SG Seehausen
19%
SSV Kulkwitz
17%
SV Sternburg Lützschena-Stahmeln
17%
SG "Eiche" Wachau
16%
SV Brehmer Leipzig
16%
Leipziger FC 07
14%
Plaußiger SV 1899
14%
SV 1863 Dölzig
14%
SV Eintracht Leipzig Süd
14%
SV Viktoria Leipzig 90
14%
SV Blau-Gelb Kitzen
11%
SC Eintracht 09 Großdeuben
10%
SG Räpitz 1948
10%
1. FFC Wacker Leipzig
8%
SV Wacker Leipzig
8%
TSG Blau-Weiß Großlehna
8%
SV Glückauf Leipzig
6%
FSV Kursdorf 58
5%
LSV 1903 Störmthal
5%
SV Lok Leipzig Nordost
5%
TUB Leipzig
5%
WSG Leipzig Mitte
5%
FSV Automation 81 Leipzig
4%
Sandball Leipzig
4%
SV Eintracht Großdalzig
4%
SV Energetik Leipzig
3%
TSV Leipzig 76
3%
BC Eintracht Leipzig
2%
FFV Leipzig
2%
SG PKM Anlagenbau Leipzig
2%
TSV 1950 Seegeritz
2%
FV Brainstorm
1%
Keine übereinstimmenden Quizze gefunden
Verteilung der Resultate
Anzahl Personen mit jedem Resultat
Perzentil nach korrekt beantworteten Fragen
Ihre Resultats-Entwicklung
Sie haben dieses Quiz noch nicht gespielt